| 000 | 00485nam a2200181 a 4500 | ||
|---|---|---|---|
| 001 | 3024 | ||
| 003 | CDMR | ||
| 005 | 20131007094821.0 | ||
| 008 | 130130s1968||||||||||||||||||||||||||||d | ||
| 040 |
_aCDMR _bcat _cCDMR |
||
| 100 | 1 |
_aSolà i Dachs, Lluís _9555 |
|
| 245 | 1 | 0 |
_aPapitu _b: (1908-1937) _cLluís Solà |
| 260 |
_aBarcelona _c1968 _bBruguera |
||
| 490 | 0 |
_aQuaderns de Cultura _v49 |
|
| 650 | 0 | 4 |
_93164 _aPremsa satírica |
| 650 | 0 | 4 |
_92769 _aRevistes _zCatalunya |
| 942 |
_cMON _2udc |
||
| 999 |
_c3024 _d3024 |
||